000 00963nam a22003017a 4500
003 CHAP
005 20220329141515.0
008 971013s1986 r 00010 d
010 _a69253
011 _a70225
035 _a79706
040 _cCHAP
082 _a630.72097287
_bI5
110 _aInstituto de Investigación Agropecuaria de Panamá
_959152
245 _aResúmenes de los trabajos presentados en la Jornada científica
260 _aPanamá, Panamá :
_bEl Instituto,
_c1986
300 _a46 p.
500 _a33-156
590 _aBATCH-UPD
_b10
_c20130110
_lUCH01
_h1143
590 _aBATCH-UPD
_b10
_c20130410
_lUCH01
_h0729
590 _aBATCH-UPD
_b10
_c20130914
_lUCH01
_h0032
590 _aCONVERSION
_b10
_c20130109
_lUCH01
_h1338
650 1 4 _aAgricultura
_xInvestigacion
_xPanama.
_91655
650 1 4 _aAgricultura
_xPanamá.
_91759
901 _aBK
942 _cLIBRO
949 _a630.72097287 I5
_bBC
_cLIBRO
_d33724000045597
_eLIBRO
_i79706
_si
999 _c69253
_d69253